000 00671cam a22002293a 4500
001 14561
003 PGUSA
005 20140828083318.0
008 050102s2005||||xxu|||||s|||||000 | eng d
040 _aPGUSA
_beng
042 _adc
050 4 _aDU
100 1 _aVerschuur, Gerrit
245 1 0 _aReis naar de Fidsji-eilanden :
_bDe Aarde en haar Volken, 1892
_h[electronic resource] /
_cGerrit Verschuur
260 _bProject Gutenberg,
_c2005
506 _aPublic domain in the USA.
516 _aElectronic text
653 _aFiji -- Description and travel
830 0 _aProject Gutenberg
_v14561
856 4 0 _uhttp://www.gutenberg.org/ebooks/14561
942 _cEB
999 _c243816
_d243816